| 000 | 00327nam a2200109 4500 | ||
|---|---|---|---|
| 008 | 160629b xxu||||| |||| 00| 0 eng d | ||
| 100 |
_91311 _a Maheswari, S.N., et al |
||
| 245 | _aPrinciples & Practice of Accountancy - XI | ||
| 260 |
_aN.D _b Arya _c1999 |
||
| 300 | _aPrinciples & Practice of Accountancy - XI | ||
| 942 |
_2ddc _cBK |
||
| 999 |
_c1073 _d1073 |
||